Największe miasta Europy na każdą literę - Statystyki

Ogólne statystyki
  • Ten quiz został rozwiązany 244 razy
    107 od ostatniego zresetowania
  • Średni wynik to 11 z 28
Statystyki odpowiedzi
Litera Ludność Miasto % Poprawnych
B 3,4 mln Berlin
91%
M 13,1 mln Moskwa
85%
L 8,96 mln Londyn
79%
A 921,4 tys Amsterdam
73%
P 5,38 mln Petersburg
70%
S 15,7 mln Stambuł
69%
R 2,83 mln Rzym
64%
W 2 mln Wiedeń
57%
K 2,95 mln Kijów
56%
H 1,9 mln Hamburg
52%
Ł 648,7 tys Łódź
51%
O 709 tys Oslo
51%
F 764,1 tys Frankfurt
47%
Ć 2,95 tys Ćmielów
44%
N 937,2 tys Neapol
37%
Z 767,1 tys Zagrzeb
36%
C 1,4 mln Charków
33%
Ś 53,4 tys Świdnica
28%
D 901,7 tys Donieck
27%
T 883,3 tys Turyn
26%
E 586,8 tys Essen
20%
U 311,2 tys Utrecht
11%
Ż 260,4 tys Żytomierz
9%
G 607,9 tys Goteborg
6%
Q 59,4 tys Quimper
2%
V 292,8 tys Vigo
2%
I 238,2 tys Iwano-Frankiwsk
1%
J 111 tys Jaen
0%
Nie znaleziono quizów pasujących do podanych kryteriów
Rozkład punktacji
Procent ludzi z każdym wynikiem
Percentyl według liczby udzielonych odpowiedzi
Twoja historia wyników
Nie rozwiązałeś tego quizu od ostatniego zresetowania